| 000 -LEADER |
| fixed length control field |
05010cam a2200829 i 4500 |
| 001 - CONTROL NUMBER |
| control field |
21921645 |
| 003 - CONTROL NUMBER IDENTIFIER |
| control field |
NUST |
| 005 - DATE AND TIME OF LATEST TRANSACTION |
| control field |
20220829150910.0 |
| 008 - FIXED-LENGTH DATA ELEMENTS--GENERAL INFORMATION |
| fixed length control field |
210302t20212021enka c 000 0 eng d |
| 010 ## - LIBRARY OF CONGRESS CONTROL NUMBER |
| LC control number |
2021934216 |
| 015 ## - NATIONAL BIBLIOGRAPHY NUMBER |
| National bibliography number |
GBC1A9386 |
| Source |
bnb |
| 016 7# - NATIONAL BIBLIOGRAPHIC AGENCY CONTROL NUMBER |
| Record control number |
020256521 |
| Source |
Uk |
| 020 ## - INTERNATIONAL STANDARD BOOK NUMBER |
| International Standard Book Number |
9780500545355 |
| Qualifying information |
(hardcover) |
| 020 ## - INTERNATIONAL STANDARD BOOK NUMBER |
| International Standard Book Number |
0500545359 |
| Qualifying information |
(hardcover) |
| 035 ## - SYSTEM CONTROL NUMBER |
| System control number |
(OCoLC)on1263804257 |
| 038 ## - RECORD CONTENT LICENSOR |
| Staff Name |
Azhar |
| 040 ## - CATALOGING SOURCE |
| Original cataloging agency |
UKMGB |
| Language of cataloging |
eng |
| Transcribing agency |
UKMGB |
| Description conventions |
rda |
| Modifying agency |
OCLCO |
| -- |
ERASA |
| -- |
OCLCF |
| -- |
TOH |
| -- |
YDX |
| -- |
CDX |
| -- |
YDX |
| -- |
CPL |
| -- |
OCL |
| -- |
OCLCO |
| -- |
BDX |
| -- |
DPL |
| -- |
HQD |
| -- |
OCL |
| -- |
OCLCO |
| -- |
WIS |
| -- |
PAU |
| -- |
DLC |
| 042 ## - AUTHENTICATION CODE |
| Authentication code |
lccopycat |
| 043 ## - GEOGRAPHIC AREA CODE |
| Geographic area code |
n-us--- |
| 050 00 - LIBRARY OF CONGRESS CALL NUMBER |
| Classification number |
TR655 |
| Item number |
.B54252 2021 |
| 082 04 - DEWEY DECIMAL CLASSIFICATION NUMBER |
| Classification number |
779.092 |
| Edition number |
23 |
| 082 04 - DEWEY DECIMAL CLASSIFICATION NUMBER |
| Classification number |
779.20973 |
| Author Mark |
BLA |
| 100 1# - MAIN ENTRY--PERSONAL NAME |
| Personal name |
Black, Matt, |
| Relator term |
photographer, |
| -- |
author. |
| 9 (RLIN) |
98406 |
| 240 10 - UNIFORM TITLE |
| Uniform title |
Photographs. |
| Form subheading |
Selections |
| 245 10 - TITLE STATEMENT |
| Title |
American geography : |
| Remainder of title |
a reckoning with a dream |
| Statement of responsibility, etc. |
Matt Black. |
| 260 ## - PUBLICATION, DISTRIBUTION, ETC. |
| Place of publication, distribution, etc. |
London : |
| Name of publisher, distributor, etc. |
Thames & Hudson Ltd, |
| Date of publication, distribution, etc. |
2021. |
| 300 ## - PHYSICAL DESCRIPTION |
| Extent |
167 pages : |
| Other physical details |
illustrations ; |
| Dimensions |
27 x 27 cm |
| 336 ## - CONTENT TYPE |
| Content type term |
still image |
| Content type code |
sti |
| Source |
rdacontent |
| 336 ## - CONTENT TYPE |
| Content type term |
text |
| Content type code |
txt |
| Source |
rdacontent |
| 337 ## - MEDIA TYPE |
| Media type term |
unmediated |
| Media type code |
n |
| Source |
rdamedia |
| 338 ## - CARRIER TYPE |
| Carrier type term |
volume |
| Carrier type code |
nc |
| Source |
rdacarrier |
| 500 ## - GENERAL NOTE |
| General note |
"With 97 Illustrations." |
| 505 0# - FORMATTED CONTENTS NOTE |
| Formatted contents note |
South and West -- South and East -- North and East -- North and West. |
| 520 ## - SUMMARY, ETC. |
| Summary, etc. |
American Geography' is the visual record of Magnum photographer Matt Black's five-year, 100,000-mile road trip across 46 states of the United States, plus Puerto Rico. It examines the conditions of powerlessness, prejudice and pragmatism among America's poor. The project originated in Matt Black's exploration of his own home town in California's rural Central Valley - a place that has been called 'the other California' - where one third of the population lives in poverty. Travelling out from that location in 2015, he went on to visit designated 'poverty areas' - places with poverty rates of above 20% as defined by the US census. He found that, rather than being anomalies, 'poverty areas' are never more than two-hour's drive apart. They are woven throughout the fabric of the country, yet are cut off from the 'land of opportunity'. Matt Black's compelling black and white photographs, from which one can trace a line back to the FSA Photographers of the 1930s and 1940s such as Walker Evans and Dorothea Lange, are accompanied by his own travelogue - an eclectic combination of observations, overheard conversations in cafes and city buses, diner menus, bus timetables, historical facts and echoes from daily news reports - which enrich the vivid portrait of these 'states of un-America.' |
| 600 10 - SUBJECT ADDED ENTRY--PERSONAL NAME |
| Personal name |
Black, Matt. |
| 9 (RLIN) |
98406 |
| 648 #7 - SUBJECT ADDED ENTRY--CHRONOLOGICAL TERM |
| Chronological term |
2000-2099 |
| Source of heading or term |
fast |
| 9 (RLIN) |
19929 |
| 650 #0 - SUBJECT ADDED ENTRY--TOPICAL TERM |
| Topical term or geographic name entry element |
Documentary photography. |
| 9 (RLIN) |
98407 |
| 650 #0 - SUBJECT ADDED ENTRY--TOPICAL TERM |
| Topical term or geographic name entry element |
Photography, Artistic. |
| 9 (RLIN) |
34021 |
| 650 #0 - SUBJECT ADDED ENTRY--TOPICAL TERM |
| Topical term or geographic name entry element |
Poverty |
| Geographic subdivision |
United States |
| Form subdivision |
Pictorial works. |
| 9 (RLIN) |
98408 |
| 650 #0 - SUBJECT ADDED ENTRY--TOPICAL TERM |
| Topical term or geographic name entry element |
Poor |
| Geographic subdivision |
United States |
| Form subdivision |
Portraits. |
| 9 (RLIN) |
98409 |
| 650 #6 - SUBJECT ADDED ENTRY--TOPICAL TERM |
| Topical term or geographic name entry element |
Photographie documentaire. |
| 9 (RLIN) |
98410 |
| 650 #6 - SUBJECT ADDED ENTRY--TOPICAL TERM |
| Topical term or geographic name entry element |
Photographie artistique. |
| 9 (RLIN) |
98411 |
| 650 #6 - SUBJECT ADDED ENTRY--TOPICAL TERM |
| Topical term or geographic name entry element |
Pauvreté |
| Geographic subdivision |
États-Unis |
| Form subdivision |
Ouvrages illustrés. |
| 9 (RLIN) |
98412 |
| 650 #7 - SUBJECT ADDED ENTRY--TOPICAL TERM |
| Topical term or geographic name entry element |
documentary photography. |
| Source of heading or term |
aat |
| 9 (RLIN) |
98413 |
| 650 #7 - SUBJECT ADDED ENTRY--TOPICAL TERM |
| Topical term or geographic name entry element |
art photography. |
| Source of heading or term |
aat |
| 9 (RLIN) |
98414 |
| 650 #7 - SUBJECT ADDED ENTRY--TOPICAL TERM |
| Topical term or geographic name entry element |
PHOTOGRAPHY |
| General subdivision |
General. |
| Source of heading or term |
bisacsh |
| 9 (RLIN) |
98415 |
| 650 #7 - SUBJECT ADDED ENTRY--TOPICAL TERM |
| Topical term or geographic name entry element |
Social conditions. |
| Source of heading or term |
fast |
| Authority record control number or standard number |
(OCoLC)fst01919811 |
| 9 (RLIN) |
7457 |
| 650 #7 - SUBJECT ADDED ENTRY--TOPICAL TERM |
| Topical term or geographic name entry element |
Rural conditions. |
| Source of heading or term |
fast |
| Authority record control number or standard number |
(OCoLC)fst01101474 |
| 9 (RLIN) |
98416 |
| 650 #7 - SUBJECT ADDED ENTRY--TOPICAL TERM |
| Topical term or geographic name entry element |
Poverty. |
| Source of heading or term |
fast |
| Authority record control number or standard number |
(OCoLC)fst01074093 |
| 9 (RLIN) |
38043 |
| 650 #7 - SUBJECT ADDED ENTRY--TOPICAL TERM |
| Topical term or geographic name entry element |
Poor. |
| Source of heading or term |
fast |
| Authority record control number or standard number |
(OCoLC)fst01071040 |
| 9 (RLIN) |
6802 |
| 650 #7 - SUBJECT ADDED ENTRY--TOPICAL TERM |
| Topical term or geographic name entry element |
Economic history. |
| Source of heading or term |
fast |
| Authority record control number or standard number |
(OCoLC)fst00901974 |
| 650 #7 - SUBJECT ADDED ENTRY--TOPICAL TERM |
| Topical term or geographic name entry element |
Documentary photography. |
| Source of heading or term |
fast |
| Authority record control number or standard number |
(OCoLC)fst00896093 |
| 9 (RLIN) |
98606 |
| 650 #7 - SUBJECT ADDED ENTRY--TOPICAL TERM |
| Topical term or geographic name entry element |
Photography, Artistic. |
| Source of heading or term |
fast |
| Authority record control number or standard number |
(OCoLC)fst01061964 |
| 9 (RLIN) |
34021 |
| 651 #0 - SUBJECT ADDED ENTRY--GEOGRAPHIC NAME |
| Geographic name |
United States |
| General subdivision |
History |
| Chronological subdivision |
21st century |
| Form subdivision |
Pictorial works. |
| 9 (RLIN) |
98417 |
| 651 #0 - SUBJECT ADDED ENTRY--GEOGRAPHIC NAME |
| Geographic name |
United States |
| General subdivision |
Social conditions |
| Chronological subdivision |
21st century |
| Form subdivision |
Pictorial works. |
| 9 (RLIN) |
98418 |
| 651 #0 - SUBJECT ADDED ENTRY--GEOGRAPHIC NAME |
| Geographic name |
United States |
| General subdivision |
Economic conditions |
| Chronological subdivision |
21st century |
| Form subdivision |
Pictorial works. |
| 9 (RLIN) |
98419 |
| 651 #0 - SUBJECT ADDED ENTRY--GEOGRAPHIC NAME |
| Geographic name |
United States |
| General subdivision |
Rural conditions |
| Chronological subdivision |
21st century |
| Form subdivision |
Pictorial works. |
| 9 (RLIN) |
98420 |
| 651 #6 - SUBJECT ADDED ENTRY--GEOGRAPHIC NAME |
| Geographic name |
États-Unis |
| General subdivision |
Histoire |
| Chronological subdivision |
21e siècle |
| Form subdivision |
Ouvrages illustrés. |
| 9 (RLIN) |
98421 |
| 651 #6 - SUBJECT ADDED ENTRY--GEOGRAPHIC NAME |
| Geographic name |
États-Unis |
| General subdivision |
Conditions sociales |
| Chronological subdivision |
21e siècle |
| Form subdivision |
Ouvrages illustrés. |
| 9 (RLIN) |
98422 |
| 651 #6 - SUBJECT ADDED ENTRY--GEOGRAPHIC NAME |
| Geographic name |
États-Unis |
| General subdivision |
Conditions économiques |
| Chronological subdivision |
21e siècle |
| Form subdivision |
Ouvrages illustrés. |
| 9 (RLIN) |
98423 |
| 651 #7 - SUBJECT ADDED ENTRY--GEOGRAPHIC NAME |
| Geographic name |
United States. |
| Source of heading or term |
fast |
| Authority record control number or standard number |
(OCoLC)fst01204155 |
| 655 #7 - INDEX TERM--GENRE/FORM |
| Genre/form data or focus term |
Portraits. |
| Source of term |
fast |
| Authority record control number |
(OCoLC)fst01423831 |
| 9 (RLIN) |
98424 |
| 655 #7 - INDEX TERM--GENRE/FORM |
| Genre/form data or focus term |
History. |
| Source of term |
fast |
| Authority record control number |
(OCoLC)fst01411628 |
| 9 (RLIN) |
13777 |
| 655 #7 - INDEX TERM--GENRE/FORM |
| Genre/form data or focus term |
Pictorial works. |
| Source of term |
fast |
| Authority record control number |
(OCoLC)fst01423874 |
| 9 (RLIN) |
81105 |
| 655 #7 - INDEX TERM--GENRE/FORM |
| Genre/form data or focus term |
Illustrated works. |
| Source of term |
lcgft |
| Authority record control number |
http://id.loc.gov/authorities/genreForms/gf2014026111 |
| 9 (RLIN) |
94792 |
| 655 #7 - INDEX TERM--GENRE/FORM |
| Genre/form data or focus term |
Portraits. |
| Source of term |
lcgft |
| Authority record control number |
http://id.loc.gov/authorities/genreForms/gf2017027254 |
| 9 (RLIN) |
98424 |
| 655 #7 - INDEX TERM--GENRE/FORM |
| Genre/form data or focus term |
Catalogs. |
| Source of term |
lcgft |
| Authority record control number |
http://id.loc.gov/authorities/genreForms/gf2014026057 |
| 9 (RLIN) |
98425 |
| 906 ## - LOCAL DATA ELEMENT F, LDF (RLIN) |
| a |
7 |
| b |
cbc |
| c |
copycat |
| d |
2 |
| e |
ncip |
| f |
20 |
| g |
y-gencatlg |
| 942 ## - ADDED ENTRY ELEMENTS (KOHA) |
| Source of classification or shelving scheme |
|
| Koha item type |
Lincoln Corner |